00713nam a2200265Ia 450000500170000000800410001702000150005808200210007324500320009426000390012630000160016565000140018165000100019565000160020565000130022165000110023465000090024570000190025470000180027370000190029170000190031094200060032995200970033599900150043220250203055739.0240331s9999 xx 000 0 und d a0415904331 bPAR22216a305.4 0aNationalism and Sexualities aNew York;aLondonbRoutledgec1992 axi, 451 p., aSexuality aWomen aNationalism aFeminism aGender aRace aParker, Aeedt aRusso, Meedt aSommer, Deedt aYaeger, Peedt cL 001040708LaWERCLbWERCLcSSCd2024-03-31l0o 305.4 NATp2216r2024-03-31w2024-03-31yL c1677d1677